Statistiques concernant Hockey sur Glace : Quiz général #1

Cliquez ici pour prendre le quiz!

Statistiques générales

  • Ce quiz a été pris 251 fois
  • Le résultat moyen est 7 sur 15

Statistiques - réponses

QuestionRéponse% Correct
Comment s'appelle l'équipe de Brest ?les Albatros
60%
Quelle équipe a pour logo une étoile noire et jaune ?Strasbourg
58%
De manière générale, de quelle(s) couleur(s) est le maillot des joueurs d'Anglet ?vert et rouge
56%
Lors de la saison 2020-2021 de Synerglace Ligue Magnus, combien comptait-on d'équipes ?12
50%
Comment s'appelle la patinoire dans laquelle évoluent les Dragons de Rouenl'Île Lacroix
50%
Quel coach dirige les Rapaces de Gap pour la saison 2021-2022 ?Éric Blais
47%
Comment s'appelle le gardien de but des Gothiques d'Amiens (saison 2020-2021) ?Henri-Corentin Buysse
46%
Quelle équipe a occupé la dernière place du classement de la Synerglace Ligue Magnus 2020-2021 ?Briançon
44%
Quelle équipe a remporté le plus grand nombre de Coupe de France ? 6 au total.Rouen
44%
Quelle équipe représente la France pour la Champions Hockey League 2021 ?Rouen
43%
Quelle équipe a remporté le Final Four de Division1 en 2021 ?Marseille
41%
Qui est le premier vainqueur de la Coupe de France, en 1972 ?Chamonix
38%
Lors de la saison 2020-2021, combien comptait d'équipes la Division1 ?14
37%
Parmi ces joueurs évoluant en France, lequel est de nationalité française ?Anthony Mortas
30%
Quelle équipe représente la France pour la Continental Cup 2021 ?Amiens
27%

Distribution des résultats

Percentile par nombre de réponses

% des personnes avec chaque résultat

Votre développement - résultats

Vous n’avez pas pris ce quiz